00548nam a2200181Ia 450000500170000000800410001702000240005804000190008204100120010108200130011310000280012624500640015426000390021830000140025750400500027165000350032185000100035620230601111728.0131103s9999 xx 000 0 und d a1405133821cRs.1717 aLoreto College aEnglish a337bDEH aDehesa, Guillermo de la aWinners and Losers in GlobalizationcGuillermo de la Dehesa aOxfordbBlackwell Publishingc2006 axii,235p  aIncludes bibliographical references and index aGlobalization-Economic aspects aLCLIB